1556 1131 1076 1619 1950 1641 1665 1375 1819 1769 1035 1071 1967 1312 1832 1659 1111 1481 1191 1548 1840 1640 1399 1996 1770 1498 1628 1209 1045 1902 1492 1265 1350 1792 1848 1681 1529 1191 1335 1146 1952 1911 1213 1175 1640 1135 1637 1735 1148 1528 1868 1683 1529 1325 1060 1969 1116 1593 1999 1588 1845 1770 1124 1468 1032 1269 1204 1297 1826 1598 1094 1899 1446 1541 1260 1081 1852 1587 1356 1249 1050 1288 1470 1990 1207 1181 1153 1513 1572 1043 1182 1938 1977 1011 1579 1721 1780 1885 1594 BCNSPRNW ULIB Ver.6.0+V

เปลี่ยนเป็นภาษาไทย

Change to English
 แสดงรายละเอียดบรรณานุกรม
  กลับหน้าหลัก

Brief Record : Get Marc (ISO 2709) : E-mail record : QR code < ปิดหน้าต่าง
LEADER : 00000nam 2200000uu 4500
001    13399125583
003     ULIB
008    170701s2558||||th 000 0 tha d
020    ^a9786163202307
060 04 ^aW327^bด123ค
100 0  ^aดนัย นนทนันท์
245 00 ^aคู่มือดูแลสุขภาพด้วยตนเองเบื้องต้น /^cดนัย นนทนันท์
260    ^aกรุงเทพฯ :^bซีเอ็ดยูเคชั่น,^c2558
300    ^a111 หน้า :^bภาพประกอบ
650  4 ^aการดูแลตนเอง
650  4 ^aโรค, การป้องกันและรักษา
700 0  ^aพัชรา จำรัสพร
945    ^p90^l0^i25241
999    ^aทศพร เกษรทอง
รายการนี้ยังไม่มีแท็ก
คุณยังไม่ได้ล็อกอิน คุณสามารถมีกิจกรรมร่วมกับเว็บไซต์ได้ แต่ต้องล็อกอินก่อน ::
  ล็อกอิน

รายการสื่อสารสนเทศ

ลำดับที่ ประเภท เลขเรียก/บาร์โค้ด สถานที่ สถานะ
1. วิทยาศาสตร์การแพทย์ และสุขภาพ
วิทยาศาสตร์การแพทย์ และสุขภาพ
สถานะ=หนังสือเก่า
W327 ด123ค ฉ.1 
  Barcode: 25241
ห้องสมุดวิทยาเขตนครสวรรค์
►ส่วนจัดเก็บหนังสือเก่า นว.
บนชั้น
  ขอยืม

รายการใกล้เคียง
    ผู้แต่ง [ดนัย นนทนันท์]

    หัวเรื่อง [การดูแลตนเอง]
    หัวเรื่อง [โรค, การป้องกันและรักษา]

BibComment


ยังไม่เคยถูกคอมเมนท์

คอมเมนท์ทรัพยากรรายการนี้
  คอมเมนท์: คู่มือดูแลสุขภาพ..


 Copyright 2026. Bcnsprnw @Library